| 000 | 00000nam 2200000zi 4500 |
| 001 | 9.952198 |
| 003 | CaOODSP |
| 005 | 20250821082052 |
| 006 | m o d f |
| 007 | cr cn||||||||| |
| 008 | 250610e202507##mbcbdo ob f000 0 fre d |
| 020 | |a9780660777887 |
| 040 | |aCaOODSP|bfre|erda|cCaOODSP |
| 043 | |an-cn-on |
| 086 | 1 |aFs70-6/2025-033F-PDF |
| 245 | 00|aÉvaluation du potentiel de rétablissment du ptychobranche réniforme (Ptychobranchus fasciolaris). |
| 246 | 17|aÉvaluation du potentiel de rétablissment du ptychobranche réniforme |
| 264 | 1|aWinnipeg, Manitoba : |bSecrétariat canadien de consultation scientifique : |bPêches et océans Canada, Région de l'Ontario et des Prairies, Centre des avis scientifiques, |cJuillet 2025. |
| 264 | 4|c©2025 |
| 300 | |a1 ressource en ligne (30 pages) : |bcartes, graphiques, photographies. |
| 336 | |atexte|btxt|2rdacontent/fre |
| 337 | |ainformatique|bc|2rdamedia/fre |
| 338 | |aressource en ligne|bcr|2rdacarrier/fre |
| 490 | 1 |aAvis scientifique, |x1919-5117 ; |v2025/033 |
| 500 | |aTitre de départ. |
| 500 | |aPublié aussi en anglais sous le titre : Recovery potential assessment for kidneyshell (Ptychobranchus fasciolaris). |
| 504 | |aComprend des références bibliographiques (pages 27-30). |
| 520 | |a« Le ptychobranche réniforme (Ptychobranchus fasciolaris) est une moule d'eau douce de taille moyenne ayant une durée de vie relativement longue que l'on trouve actuellement dans deux bassins hydrographiques du sud-ouest de l'Ontario. En mai 2003, le Comité sur la situation des espèces en péril au Canada (COSEPAC) a évalué que le ptychobranche réniforme était une espèce menacée et, en mai 2013, il a ré-évalué l'espèce et a confirmé son statut. Cette situation s'explique par une perte considérable de l'aire de répartition historique de l'espèce, attribuable aux répercussions de la moule zébrée (Dreissena polymorpha) et aux pratiques d'utilisation des terres agricoles. Le ptychobranche réniforme a été inscrit à l'annexe 1 de la Loi sur les espèces en péril (LEP) en 2005 » -- Contexte, page [1]. |
| 650 | 6|aPtychobranche réniforme|xConservation|zOntario. |
| 650 | 6|aFaune|xRétablissement|zOntario. |
| 710 | 2 |aSecrétariat canadien de consultation scientifique, |eorganisme de publication. |
| 710 | 1 |aCanada. |bMinistère des pêches et des océans. |bRégion de l'Ontario et des Prairies, |eorganisme de publication. |
| 775 | 08|tRecovery potential assessment for kidneyshell (Ptychobranchus fasciolaris).|w(CaOODSP)9.952197 |
| 830 | #0|aAvis scientifique (Secrétariat canadien de consultation scientifique)|x1919-5117 ; |v2025/033.|w(CaOODSP)9.502624 |
| 856 | 40|qPDF|s1.12 Mo|uhttps://publications.gc.ca/collections/collection_2025/mpo-dfo/fs70-6/Fs70-6-2025-033-fra.pdf |